Statistics for "Elementary" Geography

Click here to take the quiz!

General Stats

  • This quiz has been taken 23 times
    (13 since last reset)
  • The average score is 16 of 21

Answer Stats

HintAnswer% Correct
Americium/Erbium/Iodine/CalciumWorld Region/CountryAm Er I Ca
100%
Argon/Germanium/Nitrogen/Titanium/SodiumCountryAr Ge N Ti Na
100%
Astatine/Lanthanum/Nitrogen/TantalumSouthern U.S. CityAt La N Ta
91%
Iodine/Radium/NitrogenCountryI Ra N
82%
Lanthanum/OsmiumCountryLa Os
82%
Americium/Idine/Sulfur/HydrogenReligious GroupAm I S H
73%
Barium/YttriumBody of WaterBa Y
73%
Carbon/Hydrogen/Iodine/SodiumCountryC H I Na
73%
Molybdenum/Sodium/CobaltCountryMo Na Co
73%
Molybdenum/Nitrogen/Tantalum/SodiumU.S. StateMo N Ta Na
73%
Nitrogen/Astatine/OxygenMilitary AllianceN At O
73%
Neon/Phosphorus/AluminiumCountryNe P Al
73%
Oxygen/Hydrogen/Iodine/OxygenU.S. StateO H I O
73%
Polonium/Lithium/Sulfur/HydrogenPeople of PolandPo Li S H
73%
Silicon/Nitrogen/Gallium/Polonium/RheniumCountrySi N Ga Po Re
73%
Uranium/Tantalum/HydrogenU.S. StateU Ta H
73%
Vanadium/Astatine/Iodine/Calcium/NitrogenCountryV At I Ca N
73%
Iodine/Rhenium/Lanthanum/NeodymiumCountryI Re La Nd
64%
Protactinium/Potassium/Iodine/Sulfur/Tantalum/NitrogenCountryPa K I S Ta N
64%
Phosphorus/Aluminium/Einsteinium/Titanium/NeonDisputed StateP Al Es Ti Ne
64%
Ruthenium/IndiumArchaeological SiteRu In
64%

Score Distribution

Percentile by Number Answered

Percent of People with Each Score

Your Score History

You have not taken this quiz since the last reset